Financial institutions/ (Record no. 6157)
[ view plain ]
| 000 -LEADER | |
|---|---|
| fixed length control field | 00603nam a22001937a 4500 |
| 008 - FIXED-LENGTH DATA ELEMENTS--GENERAL INFORMATION | |
| fixed length control field | 170125b xxu||||| |||| 00| 0 eng d |
| 020 ## - INTERNATIONAL STANDARD BOOK NUMBER | |
| International Standard Book Number | 9710858025 |
| 082 ## - DEWEY DECIMAL CLASSIFICATION NUMBER | |
| Edition number | 1994 |
| Classification number | DFil 332.109599 |
| Item number | F17 |
| 100 ## - MAIN ENTRY--PERSONAL NAME | |
| 9 (RLIN) | 18594 |
| Personal name | Fajardo, Feliciano R. |
| 245 ## - TITLE STATEMENT | |
| Title | Financial institutions/ |
| Statement of responsibility, etc. | Feliciano R. Fajardo |
| 250 ## - EDITION STATEMENT | |
| Edition statement | Third edition |
| 260 ## - PUBLICATION, DISTRIBUTION, ETC. (IMPRINT) | |
| Place of publication, distribution, etc. | Mandaluyong City: |
| Name of publisher, distributor, etc. | National Book Store, |
| Date of publication, distribution, etc. | c1994. |
| 300 ## - PHYSICAL DESCRIPTION | |
| Extent | v, 376 pages; |
| Dimensions | 22 cm. |
| 650 #0 - SUBJECT ADDED ENTRY--TOPICAL TERM | |
| 9 (RLIN) | 18595 |
| Topical term or geographic name as entry element | Financial institutions. |
| 700 ## - ADDED ENTRY--PERSONAL NAME | |
| 9 (RLIN) | 18596 |
| Personal name | Manansala, Manuel M. |
| 700 ## - ADDED ENTRY--PERSONAL NAME | |
| 9 (RLIN) | 18597 |
| Personal name | Altarez, Emilio C. |
| 365 ## - TRADE PRICE | |
| Price amount | 190.00 |
| Currency code | Php. |
| 942 ## - ADDED ENTRY ELEMENTS (KOHA) | |
| Source of classification or shelving scheme | Dewey Decimal Classification |
| Koha item type | Filipiniana |
| Withdrawn status | Lost status | Source of classification or shelving scheme | Damaged status | Not for loan | Collection code | Home library | Current library | Date acquired | Source of acquisition | Total Checkouts | Full call number | Barcode | Date last seen | Copy number | Cost, replacement price | Price effective from | Koha item type |
|---|---|---|---|---|---|---|---|---|---|---|---|---|---|---|---|---|---|
| Dewey Decimal Classification | Filipiniana | UM Digos College - LIC | UM Digos College - LIC | 08/08/2007 | Purchased | DFil 332.109599 F17 1994 | 19128 | 05/15/2025 | 5 | 190.00 | 01/25/2017 | Filipiniana | |||||
| Dewey Decimal Classification | Filipiniana | UM Digos College - LIC | UM Digos College - LIC | 08/08/2007 | Purchased | DFil 332.109599 F17 1994 | 16595 | 05/15/2025 | 1 | 01/25/2017 | Filipiniana | ||||||
| Dewey Decimal Classification | Filipiniana | UM Digos College - LIC | UM Digos College - LIC | 02/11/2004 | Purchased | DFil 332.109599 F17 1994 | 16596 | 05/15/2025 | 2 | 01/25/2017 | Filipiniana | ||||||
| Dewey Decimal Classification | Filipiniana | UM Digos College - LIC | UM Digos College - LIC | 02/11/2004 | Purchased | DFil 332.109599 F17 1994 | 16597 | 06/08/2021 | 3 | 01/25/2017 | Filipiniana | ||||||
| Dewey Decimal Classification | Filipiniana | UM Digos College - LIC | UM Digos College - LIC | 08/08/2007 | Purchased | DFil 332.109599 F17 1994 | 19127 | 05/15/2025 | 4 | 01/25/2017 | Filipiniana |
